000
00203nam a2200109Ia 4500
100
_a
#N/A
942
_c
BK
654
_a
javabeans
245
_a
Enterprise Javabeans
260
_b
#N/A
546
_a
ENGLISH
999
_c
20418
_d
20418